000 00231nam a2200097Ia 4500
008 190216s9999||||xx |||||||||||||| ||und||
100 _aNair P S D
245 0 _aKarshika Vinjaana Vyapanam
260 _bKerala Basha Inst
942 _cBK
999 _c37541
_d37541